000 00249nam a2200109Ia 4500
008 221030s9999 xx 000 0 und d
082 _a105.23
_bMCA
245 0 _aOffice 2000: The Complete Reference
_bCD
260 _c2000
650 _aBook
942 _cCD
999 _c244
_d244